Quiz czołówek filmowych - Statystyki

Ogólne statystyki
  • Ten quiz został rozwiązany 20 razy
  • Średni wynik to 10 z 16
Statystyki odpowiedzi
Obrazkowy Odpowiedź % Poprawnych
DreamWorks Pictures
100%
Paramount Pictures
100%
Pixar Animation Studios
100%
Universal Pictures
100%
Walt Disney Pictures
100%
Warner Bros.
100%
20th Century Fox
83%
Orion Pictures
83%
Blumhouse Productions
72%
Columbia Pictures
56%
Metro-Goldwyn-Mayer
33%
New Line Cinema
17%
The Weinstein Company
11%
TSG Entertainment
6%
Voltage Pictures
6%
Walden Media
6%
Nie znaleziono quizów pasujących do podanych kryteriów
Rozkład punktacji
Procent ludzi z każdym wynikiem
Percentyl według liczby udzielonych odpowiedzi
Twoja historia wyników
Nie rozwiązałeś tego quizu